Top 10 Quarterbacks of All-Time - Statistics

General Stats
  • This quiz has been taken 20 times
  • The average score is 7 of 10
Answer Stats
# Quarterback % Correct
2 Joe Montana
94%
4 Peyton Manning
89%
1 Tom Brady
89%
7 John Elway
83%
8 Aaron Rodgers
78%
5 Brett Favre
78%
6 Dan Marino
78%
3 Johnny Unitas
72%
9 Roger Staubach
44%
10 Otto Graham
33%
No matching quizzes found
Score Distribution
Percent of People with Each Score
Percentile by Number Answered
Your Score History
You have not taken this quiz